[Event "Tashkent"]
[Site "Tashkent"]
[Date "1987.??.??"]
[Round "?"]
[White "Vakhidov, Tahir"]
[Black "Yermolinsky, Alex"]
[Result "1-0"]
[WhiteElo "2275"]
[BlackElo "2445"]

1.c4 g6 2.d4 Nf6 3.Nc3 d5 4.cxd5 Nxd5 5.e4 Nxc3 6.bxc3 Bg7 7.Bc4 O-O 8.Ne2 Qd7
9.O-O b6 10.a4 Bb7 11.Qc2 Nc6 12.Ba3 Rfd8 13.Rfd1 Qe8 14.h4 e6 15.h5 Rac8
16.hxg6 hxg6 17.Bb5 a6 18.Bd3 Na5 19.Bb4 Rd7 20.Bxa5 bxa5 21.Rab1 Ba8 22.Bxa6 Rcd8
23.Bc4 c6 24.Nf4 Bf8 25.Qe2 Qe7 26.Qg4 Re8 27.Rd3 Bg7 28.Rf3 c5 29.d5 exd5
30.exd5 Rb7 31.Rd1 Qd6 32.Bb5 Rf8 33.Nh3 Bh6 34.Ng5 Re7 35.Ne4 f5 36.Nxd6 fxg4
37.Rxf8+ Kxf8 38.Nc8 Re5 39.Nb6  1-0

[Event "Tashkent"]
[Site "Tashkent"]
[Date "1987.??.??"]
[Round "?"]
[White "Timoshchenko, Gennadi A"]
[Black "Vakhidov, Tahir"]
[Result "1/2-1/2"]
[WhiteElo "2495"]
[BlackElo "2275"]

1.d4 Nf6 2.c4 g6 3.Nc3 d5 4.cxd5 Nxd5 5.e4 Nxc3 6.bxc3 Bg7 7.Bc4 c5 8.Ne2 Nc6
9.Be3 O-O 10.O-O Qc7 11.Rc1 Rd8 12.Bf4 Qd7 13.d5 Na5 14.Bd3 b5 15.Bg5 f6
16.Be3 e6 17.Nf4 exd5 18.exd5 Bb7 19.Rb1 a6 20.c4 Nxc4 21.Bxc4 bxc4 22.Ne6 Bxd5
23.Nxd8 Rxd8 24.Bxc5 c3 25.Rc1 f5 26.Bb6 Rc8 27.Bd4 Bxa2 28.Bxg7 Qxd1 29.Rfxd1 Kxg7
30.Rd7+ Kh8 31.f3 c2 32.Kf2 a5 33.Ke3 a4 34.Kd2 Be6 35.Rd6 Bb3 36.Re1 Rc7
37.Kc1 Kg7 38.Kb2 a3+ 39.Kxb3 c1=Q 40.Rxc1 Rxc1 41.Rd2 Rh1 42.g3 Rf1 43.Kxa3 Rxf3+
44.Kb2 Kf6 45.Kc2 Re3 46.Kd1 Kg5 47.Rd7 h5 48.Rd6 h4 49.gxh4+ Kh5 50.Rd4 Re4
51.Rxe4 fxe4 52.Ke2 Kg4 53.Ke3 Kf5 54.Ke2 Kf4 55.Kf2 e3+ 56.Ke2 Ke4 57.Ke1 Kf5
58.Ke2 Kf4 59.Ke1 Kf3 60.Kf1 e2+ 61.Ke1 Ke3  1/2-1/2

[Event "Tashkent"]
[Site "Tashkent"]
[Date "1987.??.??"]
[Round "?"]
[White "Rashkovsky, Nukhim N"]
[Black "Vakhidov, Tahir"]
[Result "1/2-1/2"]
[WhiteElo "2470"]
[BlackElo "2275"]

1.d4 Nf6 2.c4 g6 3.Nc3 d5 4.cxd5 Nxd5 5.e4 Nxc3 6.bxc3 Bg7 7.Bc4 c5 8.Ne2 Nc6
9.Be3 O-O 10.O-O Bg4 11.f3 Na5 12.Bd3 cxd4 13.cxd4 Be6 14.Rc1 Bxa2 15.Qa4 Be6
16.d5 Bd7 17.Qb4 Re8 18.Rfd1 b6 19.Nd4 Rc8 20.Ba6 Rxc1 21.Rxc1 Qb8 22.Nc6 Bxc6
23.dxc6 Qc7 24.f4 Rd8 25.e5 e6 26.Be2 Bf8 27.Qb1 Ba3 28.Rc2 Be7 29.Rc1 Ba3
30.Rc3 Be7 31.Bf3 Kf8 32.Qb5 Kg8 33.g3 Nb7 34.Kg2 Nc5 35.Bxc5 Bxc5 36.Rd3 Rxd3
37.Qxd3 Kf8 38.h4 h5 39.Kh3 Ke7 40.Qa6 Kd8  1/2-1/2

[Event "Tashkent"]
[Site "Tashkent"]
[Date "1987.??.??"]
[Round "?"]
[White "Nenashev, Alexander"]
[Black "Vakhidov, Tahir"]
[Result "1-0"]
[WhiteElo "2415"]
[BlackElo "2275"]

1.d4 Nf6 2.c4 g6 3.Nc3 d5 4.cxd5 Nxd5 5.e4 Nxc3 6.bxc3 Bg7 7.Bc4 O-O 8.Ne2 c5
9.O-O Nc6 10.Be3 Qc7 11.Rc1 Rd8 12.Bf4 Qd7 13.d5 Na5 14.Bb3 b6 15.c4 e6 16.Bg5 f6
17.Ba4 Qe7 18.Bd2 Nb7 19.Bc6 Rb8 20.dxe6 Bxe6 21.Nf4 Bf7 22.Nd5 Bxd5 23.exd5 Nd6
24.Re1 Qf7 25.Bf4 Rbc8 26.Qa4 g5 27.Bxd6 Rxd6 28.Be8 Qc7 29.Re2 Bf8 30.Rce1 Rdd8
31.Re6 Qg7 32.Bh5 Bd6 33.Bg4 Rb8 34.Qc6 Qf8 35.Qa4 Qg7 36.g3 Be5 37.Bf5 Qc7
38.Re4 Kf8 39.h4 Qg7 40.Qc2 h5 41.hxg5  1-0

[Event "Tashkent"]
[Site "Tashkent"]
[Date "1987.??.??"]
[Round "?"]
[White "Naumkin, Igor"]
[Black "Vakhidov, Tahir"]
[Result "1-0"]
[WhiteElo "2470"]
[BlackElo "2275"]

1.d4 Nf6 2.c4 g6 3.Nc3 d5 4.cxd5 Nxd5 5.e4 Nxc3 6.bxc3 Bg7 7.Bc4 c5 8.Ne2 Nc6
9.Be3 O-O 10.O-O Qc7 11.Rc1 Rd8 12.Bf4 Qd7 13.d5 Na5 14.Bd3 b5 15.Bg5 f6
16.Be3 e6 17.Nf4 exd5 18.exd5 Bb7 19.Rc2 Rac8 20.Rd2 f5 21.Qc2 Be5 22.Rfd1 Qd6
23.Ne6 f4 24.Bxc5 Rxc5 25.Bxg6 Rd7 26.Nxc5 Qxc5 27.Qf5 Qd6 28.Be8 Re7 29.Bxb5 Bxc3
30.Re2 Rxe2 31.Bxe2 Be5 32.Bd3 Qxd5 33.Qxh7+ Kf8 34.Qh6+ Ke7 35.Qg5+ Bf6
36.Re1+ Kd7 37.Bf5+ Kc7 38.Qxf4+  1-0

[Event "Nordic-ch"]
[Site "Torshavn"]
[Date "1987.??.??"]
[Round "?"]
[White "Olafsson, Helgi"]
[Black "Ostenstad, Berge"]
[Result "1-0"]
[WhiteElo "2540"]
[BlackElo "2410"]

1.d4 Nf6 2.c4 g6 3.Nc3 d5 4.cxd5 Nxd5 5.e4 Nxc3 6.bxc3 Bg7 7.Bc4 O-O 8.Ne2 Nc6
9.O-O b6 10.Bg5 Qd7 11.Qd2 Bb7 12.Rad1 e6 13.Bd3 Rfe8 14.Bh6 Bh8 15.f4 f5
16.Ng3 Na5 17.Qe2 a6 18.h3 Qc6 19.Rf3 Qd6 20.Re3 Kf7 21.Re1 Qc6 22.Kh2 b5
23.d5 exd5 24.exd5 Rxe3 25.dxc6 Rxe2 26.cxb7 Rxg2+ 27.Kxg2 Nxb7 28.Bc2 Nc5
29.Bg5 Re8 30.Rxe8 Kxe8 31.Ne2 Kd7 32.Kf3 Ne6 33.Bb3 c5 34.Bd5 Kd6 35.c4 b4
36.Bxe6 Kxe6 37.Nc1 Kd6 38.Nb3 Bg7 39.Bd8 Kc6 40.Be7  1-0

[Event "Trnava"]
[Site "Trnava"]
[Date "1987.??.??"]
[Round "?"]
[White "Robatsch, Karl"]
[Black "Banas, Jan"]
[Result "1-0"]
[WhiteElo "2400"]
[BlackElo "2400"]

1.d4 Nf6 2.c4 g6 3.Nc3 d5 4.cxd5 Nxd5 5.e4 Nxc3 6.bxc3 Bg7 7.Bb5+ c6 8.Ba4 b5
9.Bb3 a5 10.Qf3 O-O 11.Ne2 a4 12.Bc2 e5 13.Ba3 Re8 14.O-O Nd7 15.Rfd1 Nb6
16.Bd3 exd4 17.cxd4 Qh4 18.Rac1 Nc4 19.Bxc4 bxc4 20.e5 Ra6 21.h3 Bf5 22.Rxc4 Be4
23.Qf4 Qxf4 24.Nxf4 Bh6 25.Nd3 Bd5 26.Rc2 Rb6 27.Bc5 Rb5 28.Nb4 Reb8 29.Nxd5 cxd5
30.Bd6 Ra8 31.Rc5 Rb2 32.a3 Bf8 33.Bxf8 Kxf8 34.Rxd5 Ra2 35.Rd7 Rb8 36.d5 Rbb2
37.Rf1 Re2 38.e6 fxe6 39.dxe6 h5 40.Rf7+ Kg8 41.Ra7 Rxe6 42.Rxa4 Kg7 43.Ra7+ Kf6
44.Rb1 Rd6 45.h4 Rc6 46.Rbb7 Ke6 47.Re7+ Kf6 48.Rf7+ Ke6 49.Rae7+ Kd5 50.Re3 Ra6
51.Rd7+ Kc4 52.Rf3 Ra1+ 53.Kh2 Ra2 54.Rdf7 Kd5 55.Rd7+ Ke6 56.Rg7 Ke5 57.Re7+ Kd4
58.Rg7 Ke5 59.Rg3 Kf5 60.Rg5+ Ke4 61.R7xg6 Rxg6 62.Rxg6 Rxf2 63.Rg5 Kf4 64.Kh3 Ra2
65.g3+  1-0

[Event "Uzhgorod"]
[Site "Uzhgorod"]
[Date "1987.??.??"]
[Round "?"]
[White "Huzman, Alexander"]
[Black "Kruppa, Yuri"]
[Result "1/2-1/2"]
[WhiteElo "2435"]
[BlackElo "2455"]

1.d4 Nf6 2.c4 g6 3.Nc3 d5 4.cxd5 Nxd5 5.e4 Nxc3 6.bxc3 Bg7 7.Bc4 c5 8.Ne2 Nc6
9.Be3 O-O 10.O-O Bg4 11.f3 Na5 12.Bd3 cxd4 13.cxd4 Be6 14.Rc1 Bxa2 15.Qa4 Be6
16.d5 Bd7 17.Qb4 b6 18.Ba6 Bc8 19.Bb5 Bd7 20.Ba6 Bc8 21.Bxc8 Rxc8 22.Rxc8 Qxc8
23.Qxe7 Qc2 24.Re1 Nc4 25.Bf2 a5 26.d6 Qd2 27.d7 Ne5 28.Nd4 Nd3 29.Rf1 Nxf2
30.d8=Q Nh3+ 31.Kh1 Nf2+  1/2-1/2

[Event "Uzhgorod"]
[Site "Uzhgorod"]
[Date "1987.??.??"]
[Round "?"]
[White "Dokhoian, Yury"]
[Black "Neverov, Valeriy"]
[Result "0-1"]
[WhiteElo "2530"]
[BlackElo "2440"]

1.d4 Nf6 2.c4 g6 3.Nc3 d5 4.cxd5 Nxd5 5.e4 Nxc3 6.bxc3 Bg7 7.Be3 c5 8.Qd2 Qa5
9.Rb1 a6 10.Bd3 Nc6 11.Ne2 O-O 12.Rc1 Bd7 13.f4 cxd4 14.cxd4 Rfc8 15.d5 Nb4
16.O-O Qa3 17.Bb1 Bb5 18.Bc5 Rxc5 19.Rxc5 Bxe2 20.Qxe2 Bd4+  0-1

[Event "Uzhgorod"]
[Site "Uzhgorod"]
[Date "1987.??.??"]
[Round "?"]
[White "Dokhoian, Yury"]
[Black "Huzman, Alexander"]
[Result "1/2-1/2"]
[WhiteElo "2530"]
[BlackElo "2435"]

1.d4 Nf6 2.c4 g6 3.Nc3 d5 4.cxd5 Nxd5 5.e4 Nxc3 6.bxc3 Bg7 7.Bc4 c5 8.Ne2 O-O
9.O-O Nc6 10.Be3 Bg4 11.f3 Na5 12.Bd3 cxd4 13.cxd4 Be6 14.d5 Bxa1 15.Qxa1 f6
16.Rb1 Bd7 17.Bh6 Rf7 18.e5 fxe5 19.Qxe5 b6 20.Bd2 Rc8 21.Bc3 Rf6 22.Qd4 Be8
23.Qe4 Rd6 24.Qe5 Rf6 25.Qe4 Rd6 26.Qe5  1/2-1/2

[Event "Voronez"]
[Site "Voronez"]
[Date "1987.??.??"]
[Round "?"]
[White "Bareev, Evgeny"]
[Black "Yrjola, Jouni"]
[Result "1-0"]
[WhiteElo "2555"]
[BlackElo "2425"]

1.d4 Nf6 2.c4 g6 3.Nc3 d5 4.cxd5 Nxd5 5.e4 Nxc3 6.bxc3 Bg7 7.Bc4 c5 8.Ne2 O-O
9.O-O Nc6 10.Be3 Na5 11.Bd3 cxd4 12.cxd4 Nc6 13.Bc2 b6 14.Rc1 e6 15.Ba4 Na5
16.Bd2 Qe7 17.Bxa5 bxa5 18.Qd3 Rb8 19.Rfd1 Rb6 20.Nc3 Rd8 21.d5 Bb7 22.Bb3 h5
23.Qf3 Bxc3 24.Rxc3 exd5 25.exd5 a4 26.Bc4 Qf6 27.Qe3 Rbd6 28.Rcd3 Bxd5 29.Qd2 Bxc4
30.Rxd6 Rxd6 31.Qxd6 Qxd6 32.Rxd6 Bxa2 33.Ra6 Bb3 34.f3 Kf8 35.Rxa7 Kg7 36.Ra6 Kh6
37.f4 Bc2 38.Kf2 Kg7 39.Ke3 Kh6 40.Kd4 Kg7 41.g3 h4 42.g4 h3 43.Ke5 Bd1 44.g5 Bc2
45.Kd6 Bb3 46.Ke7 Bc2 47.Rc6 Bb3 48.Rc3 Be6 49.Rd3 Bf5 50.Ra3 Be6 51.Rxa4 Bf5
52.Ra3 Be6 53.Re3 Bf5 54.Ke8 Bg4 55.Re7 Be6 56.Rxe6 fxe6 57.Ke7 Kg8 58.Kf6 Kh7
59.Kf7  1-0

[Event "Vrnjacka Banja"]
[Site "Vrnjacka Banja"]
[Date "1987.??.??"]
[Round "10"]
[White "Ilic, Dragan"]
[Black "Lechtynsky, Jiri"]
[Result "0-1"]
[WhiteElo "2420"]
[BlackElo "2445"]

1.d4 Nf6 2.c4 g6 3.Nc3 d5 4.cxd5 Nxd5 5.e4 Nxc3 6.bxc3 Bg7 7.Bc4 O-O 8.Ne2 c5
9.O-O Nc6 10.Be3 Qc7 11.Rc1 Rd8 12.Qd2 Qa5 13.Qb2 b6 14.Rfd1 Ba6 15.Bd5 Rac8
16.Nf4 e6 17.Nxe6 fxe6 18.Bxe6+ Kh8 19.Bxc8 Rxc8 20.f4 Bc4 21.d5 Nb8 22.Qf2 Qxa2
23.Qh4 Qa4 24.e5 Bb3 25.Rd2 Qe4 26.Qh3 Re8 27.d6 Be6 28.Qg3 Nd7 29.Re1 Qc4
30.Qf3 Rf8 31.Qb7 a5 32.h3 h5 33.Rf2 Qxc3 34.Ree2 Qd3 35.Bd2 Qd4 36.Qf3 Nxe5
37.Qg3 Nd3 38.Rxe6 Nxf2 39.Qxf2 Qxf2+ 40.Kxf2 Rd8 41.g4 hxg4 42.hxg4 a4 43.Bc1 b5
44.Rxg6 b4 45.f5 Bd4+ 46.Kf3 a3 47.Rh6+ Kg7 48.Rh2 Rxd6 49.Ke4 Bc3 50.g5 Rd4+
51.Kf3 Rd1 52.f6+ Kg8 53.Bf4 b3 54.Re2 Bxf6 55.gxf6 b2 56.Re7 Rf1+  0-1

[Event "Zenica"]
[Site "Zenica"]
[Date "1987.??.??"]
[Round "?"]
[White "Flear, Glenn C"]
[Black "Lalic, Bogdan"]
[Result "1/2-1/2"]
[WhiteElo "2495"]
[BlackElo "2440"]

1.d4 Nf6 2.c4 g6 3.Nc3 d5 4.cxd5 Nxd5 5.e4 Nxc3 6.bxc3 Bg7 7.Nf3 c5 8.Bb5+ Nc6
9.O-O cxd4 10.cxd4 O-O 11.Be3 Bg4 12.Bxc6 bxc6 13.Rc1 Qa5 14.Qd2 Qxd2 15.Nxd2 Rfd8
16.Nb3 Be2 17.Rfe1 Bb5 18.e5 a5 19.Nc5 a4 20.f3 Rd5 21.Rc3 f6 22.f4 Kf7 23.Kf2 f5
24.Rec1 e6 25.h3 Bf8 26.g4 Be7 27.Kg3 h5 28.g5 Ra7 29.R1c2 Bd8 30.Rb2 Bb6
31.a3 Ke7 32.h4 Bxc5  1/2-1/2

[Event "Zug"]
[Site "Zug"]
[Date "1987.??.??"]
[Round "10"]
[White "Gerber, Richard"]
[Black "Iten, Rene"]
[Result "1/2-1/2"]
[WhiteElo "2275"]
[BlackElo "2225"]

1.d4 Nf6 2.c4 g6 3.Nc3 d5 4.cxd5 Nxd5 5.e4 Nxc3 6.bxc3 Bg7 7.Bc4 c5 8.Ne2 O-O
9.O-O Nc6 10.Be3 Qc7 11.Rc1 Rd8 12.f4 e6 13.f5 exf5 14.Bg5 Rd6 15.exf5 Bxf5
16.Ng3 cxd4 17.Nxf5 gxf5 18.Bf4 Be5 19.cxd4 Rxd4 20.Bxe5 Qxe5 21.Qh5 Rf8
22.Qg5+ Qg7 23.Qxf5 Rd2 24.Qh3 Ne5 25.Rc3 Rd4 26.Bb3 Kh8 27.Rc8 Rfd8 28.Qc3 Nc6
29.Rxd8+ Nxd8 30.Qe1 Ne6 31.h3 Rd6 32.Kh1 a6 33.Rf3 b5 34.Rc3 Rd8 35.Re3 Rg8
36.Qf2 Nd8 37.Qe2 b4 38.Re7 a5 39.Re4 Qa1+ 40.Kh2 Qg7 41.Rg4 Qf6 42.Re4  1/2-1/2

[Event "Wch U20"]
[Site "Adelaide"]
[Date "1988.??.??"]
[Round "10"]
[White "Lautier, Joel"]
[Black "Manor, Ilan"]
[Result "1-0"]
[WhiteElo "2365"]
[BlackElo "2430"]

1.d4 Nf6 2.c4 g6 3.Nc3 d5 4.cxd5 Nxd5 5.e4 Nxc3 6.bxc3 Bg7 7.Bc4 O-O 8.Ne2 Nc6
9.Bg5 b6 10.Qd2 Bb7 11.h4 Qd7 12.h5 Na5 13.Bd3 e5 14.dxe5 Rad8 15.Rd1 Qg4
16.Bxd8 Rxd8 17.hxg6 hxg6 18.Qf4 Qxf4 19.Nxf4 Bxe5 20.Ne2 Re8 21.O-O Bf6
22.f3 Bc6 23.Rc1 Kg7 24.Nd4 Bb7 25.Nb3 Nxb3 26.axb3 Rd8 27.Rfd1 Bg5 28.Ra1 a5
29.Bb5 Be3+ 30.Kf1 Rh8 31.Ke2 Bc5 32.Rd7 Bd6 33.Bc4 Rf8 34.Rd1 Bc6 35.R1xd6 cxd6
36.Rxd6 Rc8 37.Kd3 Kf8 38.Rf6 Rc7 39.Bxf7 Kg7 40.e5 Bb5+ 41.c4 Rd7+ 42.Kc3  1-0

[Event "OHRA-B"]
[Site "Amsterdam"]
[Date "1988.??.??"]
[Round "?"]
[White "Andruet, Gilles"]
[Black "Vanheste, Jeroen"]
[Result "1-0"]
[WhiteElo "2450"]
[BlackElo "2390"]

1.d4 Nf6 2.c4 g6 3.Nc3 d5 4.cxd5 Nxd5 5.e4 Nxc3 6.bxc3 Bg7 7.Bc4 c5 8.Ne2 O-O
9.Be3 Nc6 10.O-O Qc7 11.Rc1 Rd8 12.Bf4 Qd7 13.Qb3 e6 14.dxc5 Na5 15.Qb4 Nxc4
16.Qxc4 e5 17.Bg5 Re8 18.Be3 Qc6 19.Qd5 Qa6 20.c4 Be6 21.Qd3 Qxa2 22.Rc2 Qa4
23.f3 Red8 24.Qc3 Rd7 25.Ra1 Qc6 26.Qb4 Rd3 27.Bf2 Bf8 28.Nc3 b6 29.Nd5 Rc8
30.Qb2 Bxc5 31.Qxe5 Bxd5 32.exd5 Bxf2+ 33.Kxf2 Qc5+ 34.Kg3 Re3 35.Qf4 Re7
36.d6 g5 37.Qd2 Qe5+ 38.Kf2 Rd7 39.Rd1 Rc6 40.c5 Rxc5 41.Rxc5 Qxc5+ 42.Kg3 Qe5+
43.f4 gxf4+ 44.Qxf4 Qxf4+ 45.Kxf4 Kf8 46.Ke5 Ke8 47.Kd5 Rd8 48.Re1+  1-0

[Event "OHRA-B"]
[Site "Amsterdam"]
[Date "1988.??.??"]
[Round "?"]
[White "Van der Sterren, Paul"]
[Black "Ftacnik, Lubomir"]
[Result "1-0"]
[WhiteElo "2475"]
[BlackElo "2590"]

1.d4 Nf6 2.c4 g6 3.Nc3 d5 4.cxd5 Nxd5 5.e4 Nxc3 6.bxc3 Bg7 7.Bc4 O-O 8.Ne2 Nc6
9.O-O b6 10.Be3 Bb7 11.Qd2 Qd6 12.Bh6 Rad8 13.Rad1 Na5 14.Bd3 c5 15.d5 e5
16.Bxg7 Kxg7 17.f4 f6 18.c4 Bc8 19.f5 Bd7 20.Ng3 g5 21.Be2 Be8 22.Qc3 Kh8
23.Rc1 Rg8 24.h3 Qf8 25.Qe3 Qh6 26.Bg4 Nb7 27.Kf2 Nd6 28.Rh1 Qf8 29.h4 Rd7
30.hxg5 Rxg5 31.Bf3 Rdg7 32.Nf1 Qg8 33.Rh2 Bd7 34.Nd2 Qc8 35.g4 Kg8 36.Be2 Kf7
37.Rch1 b5 38.Rxh7 bxc4 39.Nxc4 Nb5 40.Nxe5+ Ke7 41.Ng6+  1-0

[Event "Mitropa-Cup"]
[Site "Aosta"]
[Date "1988.??.??"]
[Round "?"]
[White "Arlandi, Ennio"]
[Black "Roos, Daniel"]
[Result "1-0"]
[WhiteElo "2405"]
[BlackElo "2370"]

1.d4 Nf6 2.c4 g6 3.Nc3 d5 4.cxd5 Nxd5 5.e4 Nxc3 6.bxc3 Bg7 7.Bc4 c5 8.Ne2 O-O
9.O-O Nc6 10.Be3 Qc7 11.Rc1 Rd8 12.Bf4 Qd7 13.d5 Na5 14.Bd3 b5 15.Rb1 a6
16.Qc1 e6 17.Rd1 c4 18.Bc2 exd5 19.Bg5 Re8 20.Rxd5 Qc7 21.Bf4 Qb7 22.Nd4 Nc6
23.Nxc6 Qxc6 24.a4 Be6 25.axb5 axb5 26.Rdxb5 Bxc3 27.h4 Bg4 28.Rb6 Qc5 29.Bd1 Bxd1
30.Qxc3 Rad8 31.Qf6 Qd4 32.e5 Qe4 33.Rb8 Ba4 34.Bh6  1-0

[Event "Mitropa-Cup"]
[Site "Aosta"]
[Date "1988.??.??"]
[Round "?"]
[White "Zueger, Beat"]
[Black "Lau, Ralf"]
[Result "1/2-1/2"]
[WhiteElo "2470"]
[BlackElo "2540"]

1.d4 Nf6 2.c4 g6 3.Nc3 d5 4.cxd5 Nxd5 5.e4 Nxc3 6.bxc3 Bg7 7.Bc4 c5 8.Ne2 Nc6
9.Be3 O-O 10.O-O cxd4 11.cxd4 b6 12.Rc1 Bb7 13.Bb5 Na5 14.d5 Qd6  1/2-1/2

[Event "NOR-ch"]
[Site "Asker"]
[Date "1988.??.??"]
[Round "7"]
[White "Tisdall, Jonathan D"]
[Black "Bjerke, Richard"]
[Result "1-0"]
[WhiteElo "2460"]
[BlackElo "2320"]

1.d4 Nf6 2.c4 g6 3.Nc3 d5 4.cxd5 Nxd5 5.e4 Nxc3 6.bxc3 Bg7 7.Bc4 c5 8.Ne2 O-O
9.O-O Nc6 10.Be3 Bg4 11.f3 Na5 12.Bxf7+ Rxf7 13.fxg4 Rxf1+ 14.Kxf1 Qd6 15.e5 Qd5
16.Bf2 Rd8 17.Qa4 b6 18.Qc2 Qc4 19.Qe4 Qa4 20.Kg1 Nc6 21.Nf4 Bxe5 22.Ne6 Rd6
23.Qf3 Rxe6 24.Qd5 cxd4 25.Qxe6+ Kg7 26.Rf1 Qb5 27.Bxd4 Nxd4 28.Qxe7+ Kh6
29.Qf8+ Kg5 30.cxd4 Bxd4+ 31.Kh1 Qe5 32.Qd8+ Kxg4 33.Qd7+ Kg5 34.Qxh7 a5
35.h4+ Kg4 36.Qxg6+ Kxh4 37.Qd3 Kg5 38.a4 Qh8+ 39.Qh3 Qe5 40.Qh2 Qe3 41.Qd6 Be5
42.Qe7+ Kg4 43.Qe6+ Kh4 44.g3+ Kxg3 45.Rg1+ Kf2 46.Qa2+  1-0

[Event "Augsburg"]
[Site "Augsburg"]
[Date "1988.??.??"]
[Round "?"]
[White "Hertneck, Gerald"]
[Black "Kouatly, Bachar"]
[Result "1/2-1/2"]
[WhiteElo "2435"]
[BlackElo "2440"]

1.d4 Nf6 2.c4 g6 3.Nc3 d5 4.cxd5 Nxd5 5.e4 Nxc3 6.bxc3 Bg7 7.Bc4 O-O 8.Ne2 c5
9.O-O Nc6 10.Be3 Bg4 11.f3 Bd7 12.Rc1 Rc8 13.Bb3 cxd4 14.cxd4 e6 15.d5 exd5
16.Bxd5 b6 17.Bf4 Ne5  1/2-1/2

[Event "Baden-Baden"]
[Site "Baden-Baden"]
[Date "1988.??.??"]
[Round "?"]
[White "Braun, Michael"]
[Black "Fahnenschmidt, Gerhard"]
[Result "1/2-1/2"]
[WhiteElo "2325"]
[BlackElo "2380"]

1.d4 Nf6 2.c4 g6 3.Nc3 d5 4.cxd5 Nxd5 5.e4 Nxc3 6.bxc3 Bg7 7.Bc4 O-O 8.Be3 c5
9.Ne2 Nc6 10.O-O Bg4 11.f3 Na5 12.Bxf7+ Rxf7 13.fxg4 Rxf1+ 14.Kxf1 Qd6  1/2-1/2

[Event "Baku"]
[Site "Baku"]
[Date "1988.??.??"]
[Round "?"]
[White "Guseinov, Aidyn"]
[Black "Huzman, Alexander"]
[Result "0-1"]
[WhiteElo "2325"]
[BlackElo "2465"]

1.d4 Nf6 2.c4 g6 3.Nc3 d5 4.cxd5 Nxd5 5.e4 Nxc3 6.bxc3 Bg7 7.Bc4 c5 8.Ne2 Nc6
9.Be3 O-O 10.Rc1 cxd4 11.cxd4 Qa5+ 12.Kf1 Bd7 13.h4 Rac8 14.h5 e5 15.hxg6 hxg6
16.Bd2 Qb6 17.Rb1 Qc7 18.d5 Na5 19.Bd3 Nc4 20.Bg5 f6 21.Bc1 b5 22.Nc3 Qc5
23.Qf3 b4 24.Ne2 Qa5 25.Qg3 Kf7 26.Kg1 Qa4 27.Bh6 Rh8 28.Bxg7 Rxh1+ 29.Kxh1 Kxg7
30.f4 Qa5 31.Qf2 exf4 32.Bxc4 Rxc4 33.Qxf4 Qc5 34.Rf1 Qe7 35.Ng3 Qe5 36.Qf2 a5
37.Qa7 Rc7 38.Qb6 Qxg3 39.Qxf6+ Kh6 40.d6 Rc2 41.Rg1 Kh5 42.Qh8+ Kg4  0-1

[Event "Balatonbereny op"]
[Site "Balatonbereny"]
[Date "1988.??.??"]
[Round "2"]
[White "Rashkovsky, Nukhim N"]
[Black "Barczay, Laszlo"]
[Result "1-0"]
[WhiteElo "2490"]
[BlackElo "2410"]

1.d4 Nf6 2.c4 g6 3.Nc3 d5 4.cxd5 Nxd5 5.e4 Nxc3 6.bxc3 Bg7 7.Bc4 c5 8.Ne2 O-O
9.O-O Nc6 10.Be3 Bg4 11.f3 Na5 12.Bd3 Bd7 13.Qd2 Rc8 14.Rac1 e6 15.Bg5 f6
16.Be3 e5 17.d5 b5 18.f4 Qe7 19.Rb1 Nb7 20.fxe5 fxe5 21.Rxf8+ Bxf8 22.Bxb5 Bxb5
23.Rxb5 Nd6 24.Rxc5 Nxe4 25.Rxc8 Nxd2 26.Bh6 Qc5+ 27.Rxc5 Bxc5+ 28.Kh1 Ne4
29.g3 g5 30.Kg2 g4 31.h3 gxh3+ 32.Kxh3 Kf7 33.g4 Kg6 34.Bc1 Nf6 35.c4 Ne4
36.Bb2 Nd6 37.Bxe5 Nxc4 38.Nf4+ Kf7 39.Nd3 Bb6 40.Bf4 Ke7 41.Kh4 Bd4 42.Kh5 Be3
43.Bb8 Nb6 44.Bxa7 Kd6 45.Nb4 Nxd5 46.Nxd5 Bxa7 47.Nf6 Kc5 48.Nxh7 Kb4 49.Nf6 Ka3
50.g5 Bd4 51.Kg4 Kxa2 52.Kf5 Be3 53.g6 Bh6 54.Ke6 Bg7 55.Kf7 Bh8 56.Nh5  1-0

[Event "Balatonbereny op"]
[Site "Balatonbereny"]
[Date "1988.??.??"]
[Round "4"]
[White "Petran, Pal"]
[Black "Dorfman, Josif D"]
[Result "1/2-1/2"]
[WhiteElo "2420"]
[BlackElo "2520"]

1.d4 Nf6 2.c4 g6 3.Nc3 d5 4.cxd5 Nxd5 5.e4 Nxc3 6.bxc3 Bg7 7.Bc4 c5 8.Ne2 Nc6
9.Be3 O-O 10.O-O Bg4 11.f3 Na5 12.Bd3 cxd4 13.cxd4 Be6 14.Rc1 Bxa2 15.Qa4 Be6
16.d5 Bd7 17.Qb4 e6 18.Nc3 exd5 19.exd5 Re8 20.Bf2 Bf8 21.Qb2 Bg7 22.Qb4 Bf8
23.Qb2 Bg7 24.Qb4 Bf8 25.Qb2  1/2-1/2

[Event "Barcelona"]
[Site "Barcelona"]
[Date "1988.??.??"]
[Round "?"]
[White "Campos Lopez, Mario"]
[Black "Gual Pascual, Antonio"]
[Result "1/2-1/2"]
[WhiteElo "2330"]
[BlackElo "2385"]

1.d4 Nf6 2.c4 g6 3.Nc3 d5 4.cxd5 Nxd5 5.e4 Nxc3 6.bxc3 Bg7 7.Bc4 c5 8.Ne2 O-O
9.O-O Nc6 10.Be3 Bg4 11.f3 Na5 12.Bd3 cxd4 13.cxd4 Be6 14.Rc1 Bxa2 15.Qa4 Be6
16.d5 Bd7 17.Qb4 e6 18.dxe6 Bxe6 19.Rfd1 b6 20.Ba6 Qf6 21.Bd4 Qh4 22.Bxg7 Kxg7
23.Nd4 Bd7 24.Rc7 Rad8 25.Rxa7 Nc6 26.Nxc6 Bxc6 27.Rc1 Qf6 28.Bf1 Rd6 29.Qc3 Qxc3
30.Rxc3 Bd7 31.Rb7 Be6 32.Kf2 Ra8 33.Rc2 Ra2 34.Rxa2 Bxa2 35.Ke3 Rd1 36.Bd3 Re1+
37.Kf2 Rd1 38.Ke2 Rg1 39.Kf2 Rd1 40.Be2 Rb1 41.h4  1/2-1/2

[Event "Barcelona Vulca"]
[Site "Barcelona"]
[Date "1988.??.??"]
[Round "1"]
[White "Cramling, Pia"]
[Black "Bofill, Alejandro"]
[Result "1-0"]
[WhiteElo "2435"]
[BlackElo "2410"]

1.d4 Nf6 2.c4 g6 3.Nc3 d5 4.cxd5 Nxd5 5.e4 Nxc3 6.bxc3 Bg7 7.Bc4 c5 8.Ne2 O-O
9.O-O Nc6 10.Be3 Qc7 11.Rc1 Rd8 12.Qd2 Qa5 13.Rfd1 b6 14.Bh6 cxd4 15.Qf4 Bxh6
16.Qxh6 e6 17.cxd4 Qb4 18.Nf4 Qf8 19.Qg5 Nxd4 20.Qf6 Nc6 21.Bd5 Bd7 22.Nxe6 fxe6
23.Bxe6+ Bxe6 24.Qxe6+ Qf7 25.Qxc6 Qxa2 26.Rd5 Qb2 27.Rcd1 Rf8 28.f4 Rac8
29.Qe6+ Kh8 30.Rd7 Qf6 31.Rxh7+ Kxh7 32.Rd7+ Qg7 33.Qh3+ Kg8 34.Rxg7+ Kxg7
35.Qd7+ Kg8 36.f5 gxf5 37.exf5 Rc1+ 38.Kf2 Rc2+ 39.Kf3 Rc5 40.g4 Rf7 41.Qe6 Kg7
42.Qg6+ Kf8 43.Qh6+ Kg8 44.Qe6 Rc7 45.g5 Re7 46.Qc8+ Rf8 47.Qc4+ Kh8 48.Qd4+ Kg8
49.f6 Rg7 50.Kg4 Rc7 51.g6 Rfc8 52.f7+ Kf8 53.Qh8+ Ke7 54.f8=Q+  1-0

[Event "Barcelona Vulca"]
[Site "Barcelona"]
[Date "1988.??.??"]
[Round "2"]
[White "Campos Lopez, Mario"]
[Black "Garcia Martinez, Silvino"]
[Result "1/2-1/2"]
[WhiteElo "2330"]
[BlackElo "2405"]

1.d4 Nf6 2.c4 g6 3.Nc3 d5 4.cxd5 Nxd5 5.e4 Nxc3 6.bxc3 Bg7 7.Bc4 O-O 8.Ne2 Nc6
9.O-O b6 10.Bg5 Na5 11.Bd3 c5 12.d5 Qd7  1/2-1/2

[Event "URS-ch otbor56"]
[Site "Barnaul"]
[Date "1988.??.??"]
[Round "?"]
[White "Kiselev, Sergey"]
[Black "Epishin, Vladimir"]
[Result "1/2-1/2"]
[WhiteElo "2420"]
[BlackElo "2475"]

1.d4 Nf6 2.c4 g6 3.Nc3 d5 4.cxd5 Nxd5 5.e4 Nxc3 6.bxc3 Bg7 7.Bc4 O-O 8.Ne2 c5
9.O-O Nc6 10.Be3 Qc7 11.Rc1 Rd8 12.Bf4 Qd7 13.d5 Na5 14.Bd3 b5 15.Rb1 a6
16.Qc1 Nb7 17.Qa3 e5 18.Bg5 c4 19.Bc2 Re8 20.Qc1 Nd6 21.Bh6 Qe7 22.Ng3 Bxh6
23.Qxh6 Qf8 24.Qe3 Qe7 25.Kh1 h5 26.h3 h4 27.Ne2 f6 28.Rg1 Kg7 29.g3 Kf7
30.g4 Qa7 31.Qd2 Kg7 32.Rgf1 Nf7 33.f4 Qe7 34.fxe5 Qxe5 35.Nd4 Bd7 36.Rbe1 Rf8
37.Re3 Rae8 38.Bb1 Qd6 39.Ref3  1/2-1/2

[Event "URS-ch otbor56"]
[Site "Barnaul"]
[Date "1988.??.??"]
[Round "?"]
[White "Savchenko, Stanislav"]
[Black "Khenkin, Igor"]
[Result "1-0"]
[WhiteElo "2480"]
[BlackElo "2340"]

1.d4 Nf6 2.c4 g6 3.Nc3 d5 4.cxd5 Nxd5 5.e4 Nxc3 6.bxc3 Bg7 7.Bc4 c5 8.Ne2 O-O
9.O-O Nc6 10.Be3 Qc7 11.Rc1 Rd8 12.Bf4 Qd7 13.d5 Na5 14.Bd3 b5 15.Be3 e6
16.Nf4 exd5 17.Nxd5 Bb7 18.Be2 Bxd5 19.Qxd5 Qxd5 20.exd5 c4 21.Bf3 Rd7 22.Rfd1 Rc8
23.g4 h6 24.h4 Nb7 25.Bxa7 Nc5 26.Bb6 Nd3 27.Rb1 Bxc3 28.Rxb5 Rb8 29.Rdb1 Nb2
30.Ba5 Rxb5 31.Bxc3 Rdb7 32.d6 Rb8 33.d7 Rd8 34.Re1 Rbb8 35.Bc6 Nd3 36.Re8+ Kh7
37.Bf6  1-0

[Event "URS-ch otbor56"]
[Site "Barnaul"]
[Date "1988.??.??"]
[Round "?"]
[White "Vladimirov, Evgeny"]
[Black "Kudriashov, Anatoli"]
[Result "1-0"]
[WhiteElo "2540"]
[BlackElo "2390"]

1.d4 Nf6 2.c4 g6 3.Nc3 d5 4.cxd5 Nxd5 5.e4 Nxc3 6.bxc3 Bg7 7.Bc4 c5 8.Ne2 O-O
9.O-O Nc6 10.Be3 cxd4 11.cxd4 Bg4 12.f3 Na5 13.Bd5 Bd7 14.Rb1 a6 15.Bxb7 Ra7
16.Bd5 Bb5 17.a4 Bxe2 18.Qxe2 e6 19.Bc4 Bxd4 20.Rfd1 Bxe3+ 21.Qxe3 Rd7 22.Be2 Rxd1+
23.Rxd1 Qc7 24.Bxa6 Qc2 25.Qd4 Nb3 26.Qd3 Qxd3 27.Bxd3 Ra8 28.Bb5 Kf8 29.Rd3 Nc5
30.Ra3 Ke7 31.Kf2 Kd6 32.Ke3 e5 33.Kd2 Ne6 34.Bc4 Kc5 35.Kc3 Nd4 36.a5 Ra7
37.a6 Nc6 38.Rb3 f6 39.Rb5+ Kd6 40.Rd5+ Kc7 41.Bb5 Kb6 42.Bxc6 Kxc6 43.Ra5 Kc7
44.Kc4 Kb6 45.Kb4 Kc6 46.Rc5+ Kd6 47.Kb5  1-0

[Event "URS-ch otbor56"]
[Site "Barnaul"]
[Date "1988.??.??"]
[Round "?"]
[White "Khenkin, Igor"]
[Black "Neverov, Valeriy"]
[Result "0-1"]
[WhiteElo "2340"]
[BlackElo "2440"]

1.d4 Nf6 2.c4 g6 3.Nc3 d5 4.cxd5 Nxd5 5.e4 Nxc3 6.bxc3 Bg7 7.Qa4+ Bd7 8.Qa3 b6
9.Nf3 c5 10.dxc5 O-O 11.Bc4 Bc6 12.O-O Bxe4 13.Ng5 Bd5 14.Rd1 Bxc4 15.Rxd8 Rxd8
16.Be3 Nc6 17.Nf3 b5 18.h4 b4 19.Qa4 Bxc3 20.Rc1 Bd5 21.Qa6 Rac8 22.h5 Nb8
23.Qe2 a5 24.Ng5 Nc6 25.Rd1 Bf6 26.f4 a4 27.Kf2 b3 28.axb3 axb3 29.Qg4 b2
30.hxg6 hxg6 31.Qh4 Ba2 32.Rh1 Rb8 33.f5 b1=Q 34.Qh7+ Kf8 35.Rxb1 Rxb1 36.fxg6 Ne5
37.gxf7 Nxf7 38.Nxf7 Rb2+ 39.Kf3 Bxf7 40.g4 Bd5+ 41.Kg3 Be5+ 42.Bf4 Rg2+  0-1